Statystyki dla Bedoes & Lanek - Łzy feat. KUQE 2115

Kliknij tutaj aby rozwiązać quiz!

Ogólne statystyki

  • Ten quiz został rozwiązany 24 razy
  • Średni wynik to 24 z 63

Statystyki odpowiedzi

Odpowiedź% Poprawnych
Pokój pełen dymu jebać czujnik
95%
Puste oczy pełne kubki
71%
Wszyscy wokół tańczą więc dlaczego jestem smutny
67%
Wielkie łóżko na nim tylko ja i dwie poduszki
62%
W każdym klubie w Polsce dostaję największy hałas
62%
Szukam pocieszenia więc płaczę w Balenciaga
52%
W pokoju hotelowym liczę łzy, nie mam czasu na głupoty
52%
W pokoju hotelowym liczę łzy nie mam czasu na głupoty
52%
Daj mi serce albo wyjdź
48%
Teraz dla mnie zatańcz onanana
48%
Moja forsa umie mówić ha ha ha
43%
A te dziwki chcą napisu tylko bo jest zagraniczny
38%
Daj mi szczęście albo milcz
38%
Daj mi więcej albo nic
38%
Nie mówię że się nie boje bo się boje tak jak nigdy
38%
Ona pisze że mnie kocha a nawet mnie nie widziała
38%
Spaliśmy w dziesięciu na 2 na 2
38%
To mój pokój pełen blizn nie zapomnij zamknąć drzwi
38%
Wyprzedany
38%
Wyprzedany klub piąty w tym miesiącu
38%
A ja myślę o tobie i każdej każę spierdalać
33%
Szmato jestem z bloku onanana
33%
A ja znów mam paranoję nie śpię myśląc o mym ojcu
29%
Liczę tylko na siebie
24%
W pokoju hotelowym liczę kwit
24%
Czasem nie czuję się sobą nie wiem czy oddycham
19%
Jest mi ciężko bo na siłę nie ważyłem słów
19%
Ona liczy na więcej
19%
Powiedz coś o czym nie wiem
19%
Powiedz mi to namiętnie
19%
Zbiornik wylanych łez o pojemności silnika
19%
bo dziś
14%
Ja chcę żyć więc daj mi żyć
14%
Nikomu nie chce się pić
14%
Ona pyta mnie czy chcę ja nie lubię takich pytań
14%
Serce mniejsze niż kaliber ale także sprawia ból
14%
Skarbie gdzie jesteś ty chcę cię na sobie jak drip
14%
Tym dziwkom chodzi o seks ale niestety nie dzisiaj
14%
Dwa pragnienia jeden drink
10%

Rozkład punktacji

Percentyl według liczby udzielonych odpowiedzi

Procent ludzi z każdym wynikiem

Twoja historia wyników

Nie rozwiązałeś tego quizu